Statistics for 5 Smallest Countries Ever

Click here to take the quiz!

General Stats

  • This quiz has been taken 21 times
  • The average score is 4 of 5

Answer Stats

Answer% Correct
Vatican City
100%
Monaco
86%
San Marino
86%
Nauru
76%
Tuvalu
67%

Score Distribution

Percentile by Number Answered

Percent of People with Each Score

Your Score History

You have not taken this quiz